Normal view
MARC view
- Muhammad Bilal Ali (365605)
Entry Personal Name
001 - CONTROL NUMBER
- control field: 128249
003 - CONTROL NUMBER IDENTIFIER
- control field: NUST
005 - DATE AND TIME OF LATEST TRANSACTION
- control field: 20250312131250.0
008 - FIXED-LENGTH DATA ELEMENTS
- fixed length control field: 250312|| aca||aabn | a|a d
040 ## - CATALOGING SOURCE
- Original cataloging agency: NUST
- Transcribing agency: NUST
100 ## - HEADING--PERSONAL NAME
- Personal name: Muhammad Bilal Ali (365605)
670 ## - SOURCE DATA FOUND
- Source citation: Work cat.: (NUST): Muhammad Bilal Ali (365605), Techno economic assessment of renewable energy resources in service sector (Base Transceiver Stations) towards self-sustainability across Pakistan /
